00391 2200169 4500001002100000005001500021035002000036007000300056008004100059020001800100082000800118084001800126100001400144245001100158260003600169990001600205INLIS00000000000266720260409112053 a0010-0426000125ta260409 0  a9786231893734 a811 a811 EKO b c.10 aEko Sabto1 aBurdah ayogyakarta :bDIVA Press,c2024 a2026/h/0725